书目信息 |
| 题名: |
激素生物化学
|
|
| 作者: | 王明运主编 | |
| 分册: | ||
| 出版信息: | 北京 人民卫生出版社 1987.10 |
|
| 页数: | 397页 | |
| 开本: | 32开 | |
| 丛书名: | ||
| 单 册: | ||
| 中图分类: | Q57-51 | |
| 科图分类: | ||
| 主题词: | 激素 | |
| 电子资源: | ||
| ISBN: | 7-117-00479-7 | |
| 000 | 00522nam0 2200181 45 | |
| 001 | 9911301546 | |
| 005 | 19991130153921.6 | |
| 010 | @a7-117-00479-7@d3.30 | |
| 100 | @a19991130d1987 km y0chiy0120 ea | |
| 101 | @achi | |
| 105 | @a z 000yy | |
| 200 | 1 | @a激素生物化学@AJi Su Sheng Wu Hua Xue@f王明运主编@FWang Ming Yun Zhu Bian |
| 210 | @a北京@c人民卫生出版社@d1987.10 | |
| 215 | @a397页@c无图表@d32开 | |
| 606 | 0 | @a激素 |
| 690 | @aQ57-51@v3 | |
| 801 | @aCN@bPerfectUser@c19991130 | |
| 905 | @aBZT@b42173-174@f2@dQ57-51@e1 | |
| 激素生物化学/王明运主编.-北京:人民卫生出版社,1987.10 |
| 397页:无图表;32开 |
| ISBN 7-117-00479-7:3.30 |
| ● |
| 相关链接 |
|
|
|
正题名:激素生物化学
索取号:Q57-51/1
 
预约/预借
| 序号 | 登录号 | 条形码 | 馆藏地/架位号 | 状态 | 备注 |
| 1 | 42174 | 200428144 | 中心书库中库/ 中库042架B面3列4层17/ [索取号:Q57-51/1] | 在馆 |